Exodus Refugees and the displaced: people of Central America /

Guardat en:
Dades bibliogràfiques
Autor principal: Anonimo
Format: Text
Matèries:
Etiquetes: Afegir etiqueta
Sense etiquetes, Sigues el primer a etiquetar aquest registre!

MARC

LEADER 00000 a a2200000 04500
001 2682
003
040
100 |a Anonimo  
245 |a Exodus Refugees and the displaced:   |b people of Central America /  |c Anonimo  
650 |a REFUGIADOS  
650 |a PERSONAS DESPLAZADAS  
650 |a MIGRACION FORZADA  
650 |a GUERRA  
650 |a AMERICA CENTRAL  
650 |a REFUGIADOS  
650 |a PERSONAS DESPLAZADAS  
773 |g número 36; páginas 6-7  
999 |c 24875  |d 24875